Maiores municípios de Teritá - Statistics

Estatísticas Gerais
  • Esse quiz foi jogado 7 vezes
  • A pontuação média é 31 de 66
Estatísticas das Respostas
População Estado Município % Correto
316K Taruí Taruí
100%
1,3M Guariná Camboriú
86%
2,2M Gabríva Gabríva
86%
8M Parazí Santa Fé
86%
975K Marcatina São Bernardo do Sul
86%
468K Estimena São José
86%
796K Granatá Barcelos
71%
6.9M Córdoba Córdoba
71%
100K Marcatina Coritó
71%
685K Farésia Ipueiras
71%
187K Estimena São Luiz
71%
2M Maltine Vila Nova do Rio Verde
71%
246K Luniba Vitória
71%
297K Parazí Barros
57%
134K Luniba Bom Toque
57%
177K Araporã Caipó
57%
1,5M Parazí Coimbra
57%
533K Farésia Feiras
57%
292K Marcatina Golden
57%
112K Rio de Santa Cruz Lavela
57%
130K Santana do Norte Oásis
57%
604K Novassa Planaltina
57%
276K Estimena Pluton
57%
184K Taruí Salgueiro
57%
255K Santa Rosa Santa Maria
57%
314K Parazí São Gabriel
57%
654K Santo Ângelo Tamoyo
57%
122K Santana do Norte Aratá
43%
674K Parazí Barra do Coimbra
43%
108K Gabríva Barra do Sal
43%
121K Parazí Colorado
43%
341K Santo Ângelo Grajaú
43%
221K Santa Rosa Jurupaba
43%
2M Maltine La Plata
43%
271K Novassa Lugo
43%
117K Maltine Nova Galeão
43%
105K Parazí Quatis
43%
875K Gabríva Ribeirão das Praias
43%
189K Santana do Sul Santa Fé do Sul
43%
595K Maltine Santa Helena
43%
102K Farésia São Francisco
43%
322K Parazí São Lucas
43%
722K Maltine Trindade
43%
2,5M Parazí Uchoa
43%
310K Maltine Alta Maltine
29%
142K Maltine Atalibas
29%
104K Maltine Bela Vista
29%
906K Parazí Exeter
29%
267K Maltine Ibitubas
29%
273K Novassa Jubiá
29%
187K Maltine Laranjeiras
29%
179K Parazí Mostarda
29%
472K Granatá Nova Poletina
29%
399K Granatá Olho d'Água
29%
233K Guariná Pedregal
29%
156K Parazí Pinhal
29%
593K Maltine Planalto
29%
108K Guariná Salto da Picada
29%
487K Gabríva São Gabriel de Gabríva
29%
433K Parazí União das Palmeiras
29%
115K Marcatina Vale do São Bernardo
29%
203K Maltine Aróropema
14%
246K Santo Ângelo Dunas do Catandira
14%
142K Granatá Forquilhas
14%
126K Parazí Recanto
14%
378K Gabríva Trincheirão do Aqui
14%
Nenhum quiz correspondente encontrado
Distribuição das Pontuações
Porcentagem de Pessoas com Cada Pontuação
Percentil de Números Respondidos
Sua Pontuação Histórica
Você não jogou esse quiz